Graecia capta : landscapes of Roman Greece

Αποθηκεύτηκε σε:
Λεπτομέρειες βιβλιογραφικής εγγραφής
Κύριος συγγραφέας: Alcock, Susan E.
Μορφή: Βιβλίο
Γλώσσα:English
Δημοσίευση: Cambridge : Cambridge University Press, c1996
Θέματα:
Ετικέτες: Προσθήκη ετικέτας
Δεν υπάρχουν, Καταχωρήστε ετικέτα πρώτοι!

MARC

LEADER 00000nam a2200000 i 4500
001 1/76184
008 990401s1996 eng d
020 |a 0-521-56819-6 (pbk.) 
035 |l 10049534 
040 |a GR-MY-UA  |b gre  |e aacr 
041 0 |a eng 
082 0 |a 938.09 
100 1 |a Alcock, Susan E. 
245 1 0 |a Graecia capta :  |b landscapes of Roman Greece /  |c Susan E. Alcock 
260 |a Cambridge :   |b Cambridge University Press,   |c c1996 
300 |a 307 p.  |b fig. 
504 |a Includes bibliographical references and index 
650 0 0 |a Civilization, Greco-Roman. 
651 0 |a Greece  |x History  |y 146 B.C.-323 A.D. 
651 0 |a Greece  |x History  |y To 146 B.C. 
651 0 |a Greece  |x Antiquities. 
852 |a INST  |b LESVOS  |e 19990401  |h 938.09 ALC  |p 005100016645  |q 005100016645  |t BK  |y 0 
852 |a INST  |b LESVOS  |e 20090403  |h 938.09 ALC  |p 005100039887  |q 005100039887  |t BK  |y 0 
901 |a BIBL-1999-1 
901 |a BIBL1-2009-1 
909 |a Λ  |b 061929 
909 |a Λ  |b 154215 
922 |a 1ΕΛΗ  |b 199812  |c ΚΠΣ/ΤΓ  |d ΠΑΠΑΣΩΤΗΡΙΟΥ 
922 |a 1ΕΛΗ  |b 200809  |c ΕΠΕΑΕΚ2/ΤΚΑ  |d ΜΙΧΑΛΟΠΟΥΛΟΣ 
950 |a 118-1998-07-18